[Event "Espoo op"]
[Site "Espoo"]
[Date "1993.??.??"]
[Round "7"]
[White "Hakulinen, Esko Matti"]
[Black "Klovans, Janis"]
[Result "0-1"]
[WhiteElo "2355"]
[BlackElo "2440"]

1.Nf3 d5 2.c4 e6 3.d4 Nf6 4.Nc3 Be7 5.Bg5 O-O 6.cxd5 exd5 7.e3 Nbd7 8.Qc2 Re8
9.Bd3 c6 10.O-O Nf8 11.h3 Be6 12.Rfc1 N6d7 13.Bf4 Ng6 14.Bh2 Nb6 15.a4 a5
16.Qb3 Bb4 17.Na2 Bf8 18.Qd1 Qd7 19.Rc3 Nc4 20.Rb1 Bf5 21.Bxf5 Qxf5 22.Qc2 Qd7
23.Nc1 Bb4 24.Rd3 Rac8 25.Rd1 Be7 26.Nd3 Qf5 27.Rbc1 b6 28.Nde5 Qxc2 29.Rxc2 Ngxe5
30.Nxe5 Nxe5 31.Bxe5 f6 32.Bg3 Bb4 33.Kf1 Kf7 34.Rd3 Red8 35.f3 c5 36.Be1 c4
37.Rd1 Re8 38.Kf2 Re6 39.Bc3 b5 40.axb5 Rb6 41.Ra1 Rxb5 42.e4 Rc7 43.exd5 Rxd5
44.Rac1 Rb5 45.g4 Ke6 46.Bxb4 Rxb4 47.b3 Kd5 48.Ra2 Rxb3 49.Rxa5+ Kxd4 50.Ra8 Rb2+
51.Kg3 c3 52.Rd8+ Kc4 53.Kf4 g5+ 54.Kf5 Rc6 55.Rh8 Rb5+  0-1

[Event "Espoo op"]
[Site "Espoo"]
[Date "1993.??.??"]
[Round "9"]
[White "Hakulinen, Esko Matti"]
[Black "Kekki, Petri"]
[Result "1-0"]
[WhiteElo "2355"]
[BlackElo "2295"]

1.Nf3 d5 2.c4 e6 3.d4 c6 4.e3 f5 5.Bd3 Nf6 6.O-O Bd6 7.b3 O-O 8.Ba3 a5 9.Bxd6 Qxd6
10.Qc2 b6 11.Rc1 Ba6 12.Nc3 Rc8 13.Qe2 Ne4 14.Rc2 Nd7 15.Rac1 Nxc3 16.Rxc3 c5
17.cxd5 Bxd3 18.Qxd3 Qxd5 19.Qb5 a4 20.bxa4 Ra5 21.Qb3 Rca8 22.dxc5 Rxc5
23.Rxc5 bxc5 24.h3 h6 25.Rd1 Qc6 26.Qb5 Qxb5 27.axb5 Nf6 28.b6 Nd5 29.Rb1 Rb8
30.b7 Nc3 31.Rb6 Nd5 32.Rb5 c4 33.Kf1 Nc7 34.Rb1 c3 35.Nd4 e5 36.Nxf5 Na6
37.Ke2 Nc5 38.Ne7+ Kf8 39.Nc6 c2 40.Rc1 Rxb7 41.Rxc2 Nd7 42.a4 Rc7 43.Kd2 Nb6
44.a5 Rd7+ 45.Ke2 Nd5 46.Nxe5 Ra7 47.Rc8+  1-0

[Event "Eupen op"]
[Site "Eupen"]
[Date "1993.??.??"]
[Round "5"]
[White "Matthaei, Alexander"]
[Black "Khenkin, Igor"]
[Result "0-1"]
[WhiteElo "2270"]
[BlackElo "2575"]

1.Nf3 d5 2.c4 c6 3.b3 Bg4 4.Bb2 Bxf3 5.exf3 e6 6.d4 Qa5+ 7.Nc3 Ba3 8.Qc1 Bxb2
9.Qxb2 Ne7 10.Bd3 Qb6 11.O-O-O Qxd4 12.Rhe1 Qf6 13.cxd5 Nxd5 14.Nxd5 Qxb2+
15.Kxb2 cxd5 16.Bb5+ Kd8 17.f4 a6 18.Bf1 Nc6 19.f5 Kd7 20.f4 Kd6 21.g3 Rae8
22.Bg2 g6 23.fxe6 fxe6 24.Kb1 Rhf8 25.Rd2 h6 26.Be4 g5 27.fxg5 hxg5 28.Bg2 g4
29.Re4 Ne5 30.Re3 Rh8  0-1

[Event "Farum op"]
[Site "Farum"]
[Date "1993.??.??"]
[Round "1"]
[White "Danielsen, Henrik"]
[Black "Pedersen, Daniel Vesterbaek"]
[Result "1/2-1/2"]
[WhiteElo "2445"]
[BlackElo "2215"]

1.Nf3 d5 2.c4 e6 3.b3 Nf6 4.Bb2 Be7 5.g3 O-O 6.Bg2 c5 7.O-O Nc6 8.e3 d4 9.exd4 cxd4
10.d3 Ne8 11.Nbd2 e5 12.Re1 f6 13.a3 a5 14.Qc2 Nc7 15.Rab1 Na6 16.Bc1 Be6
17.Kh1 Qd7 18.Ng1 Rae8 19.f4 Bg4 20.Ne4 Nc5 21.Nf2 Bf5 22.Qd1 Na6 23.g4 Be6
24.f5 Bf7 25.Ne2 h5 26.Ng3 h4 27.Nge4 g5 28.Bd2 Qd8 29.Qc1 Kh8 30.Rf1 Bg8
31.Nh3 Qd7 32.Rf3 Rf7 33.Rf1 Rc8 34.Qb2 Nc7 35.Rfc1 Rff8 36.Nhf2 Rfd8 37.b4 axb4
38.axb4 b5 39.cxb5 Nxb5 40.Nc5 Bxc5 41.Rxc5 Ne7 42.Ne4 Nd5 43.Rbc1 Kg7 44.Nxg5 fxg5
45.Bxg5 Re8 46.Qf2 Nbc3 47.Qxh4 Bh7 48.Bh6+ Kh8 49.R1xc3 Nxc3 50.Qf6+ Kg8
51.Qg5+ Kh8 52.Qf6+ Kg8 53.Qg5+ Kh8 54.Qf6+ Kg8  1/2-1/2

[Event "FIN-chT"]
[Site "FIN"]
[Date "1993.??.??"]
[Round "?"]
[White "Paldanius, Pekka"]
[Black "Puranen, Jukka"]
[Result "1/2-1/2"]
[WhiteElo "2245"]
[BlackElo "2340"]

1.Nf3 d5 2.c4 d4 3.g3 c5 4.Bg2 Nc6 5.O-O e5 6.d3 Bd6 7.e3 Nge7 8.a3 O-O 9.exd4 exd4
10.b4 cxb4 11.Nbd2 bxa3 12.Bxa3 Bxa3 13.Rxa3 Qd6 14.Qa1 Rd8 15.Rb1 Rb8 16.Ne4 Qc7
17.c5 b5 18.cxb6 Rxb6 19.Rc1 Qb8 20.Nc5 h6 21.Nd2 Be6 22.Nxe6 fxe6 23.Re1 Nb4
24.Qc1 Ned5 25.Nc4 Rc6 26.Qd2 Qc7 27.Bh3 Re8 28.Ra4 a5 29.Rxa5 e5 30.Rb5 Rb8
31.Rxb8+ Qxb8 32.Rxe5 Rxc4 33.Rxd5 Nxd5 34.dxc4 Qb1+ 35.Bf1 Nc3 36.Qd3 Qe1
37.Kg2 Qe5 38.h4 Na4 39.Qf3 Nc5 40.Bd3 Nxd3 41.Qxd3 Qc5 42.Kg1 Kh8 43.Qb3 Qe5
44.Kf1 Qe4 45.f3 Qe5 46.Kf2 Qe6 47.Qd3 Qb6 48.f4 Qb2+ 49.Kf3 Qb7+ 50.Kg4 Qd7+
51.Kf3 Qb7+ 52.Kg4 Qd7+ 53.Kf3 Qb7+ 54.Kg4 Qd7+ 55.Kf3 Qb7+  1/2-1/2

[Event "Forli op"]
[Site "Forli"]
[Date "1993.??.??"]
[Round "7"]
[White "Cvitan, Ognjen"]
[Black "Zelcic, Robert"]
[Result "1/2-1/2"]
[WhiteElo "2550"]
[BlackElo "2450"]

1.Nf3 d5 2.c4 e6 3.d4 c5 4.cxd5 exd5 5.g3 Nc6 6.Bg2 Nf6 7.O-O Be7 8.Nc3 O-O
9.Bg5 cxd4 10.Nxd4 h6 11.Be3 Bg4 12.Qa4 Na5 13.Rad1 Nc4 14.Bc1 Qc8 15.Qb5 Nb6
16.Bf4 Bh3 17.Rc1 Bxg2 18.Kxg2 Qc4 19.Rfd1 Rfc8 20.Nf5 Bf8 21.Qxc4 dxc4 22.Bd6 Rd8
23.e4 Nfd7 24.Ne7+ Kh7 25.f4 Nf6 26.e5 Ng4 27.Re1 Rd7 28.Nf5 Bxd6 29.Nxd6 f6
30.Nce4 fxe5 31.h3 Nf6 32.fxe5 Nxe4 33.Rxe4 Rad8 34.Rf1 Re7 35.Nf5 Ree8 36.e6 Nc8
37.Rxc4 Rxe6 38.Rc7 Rd2+ 39.Rf2 Rxf2+ 40.Kxf2 Rf6 41.g4 Nd6 42.Rxg7+ Kh8
43.Rc7 Nxf5 44.gxf5 Rxf5+ 45.Ke3 Ra5 46.a3 Rb5 47.b4 Rh5 48.a4 Rxh3+ 49.Kd4 Rh4+
50.Kc5 b6+ 51.Kb5 a6+ 52.Kxb6 Rxb4+ 53.Ka5 Rg4 54.Rc6 Kh7 55.Rxa6  1/2-1/2

[Event "Forli op"]
[Site "Forli"]
[Date "1993.??.??"]
[Round "9"]
[White "Cvitan, Ognjen"]
[Black "Arlandi, Ennio"]
[Result "1-0"]
[WhiteElo "2550"]
[BlackElo "2440"]

1.Nf3 d5 2.c4 e6 3.d4 Nf6 4.Nc3 Be7 5.Bg5 O-O 6.e3 h6 7.Bxf6 Bxf6 8.Rc1 c6
9.Bd3 Nd7 10.cxd5 exd5 11.b4 a6 12.a4 Re8 13.O-O Nf8 14.b5 axb5 15.axb5 Ne6
16.bxc6 bxc6 17.Na4 Bd7 18.Bc2 Ra5 19.Ne1 Be7 20.Nd3 Bd6 21.Rb1 c5 22.Naxc5 Nxc5
23.dxc5 Bxc5 24.Nf4 Re5 25.Nxd5 Bb5 26.Nc3 Qxd1 27.Rfxd1 Be7 28.Bd3 Be8 29.h3 g6
30.Rb8 Bd6 31.Rd8 Bb4 32.Ne4 Kg7 33.Rb1 Bb5 34.Rxb4  1-0

[Event "FRA"]
[Site "FRA"]
[Date "1993.??.??"]
[Round "?"]
[White "Ivkov, Borislav"]
[Black "Marciano, David"]
[Result "1/2-1/2"]
[WhiteElo "2505"]
[BlackElo "2430"]

1.Nf3 d5 2.c4 e6 3.e3 Nf6 4.b3 Be7 5.Bb2 O-O 6.Be2 c5 7.O-O Nc6 8.cxd5 Nxd5
9.Nc3 Nxc3 10.Bxc3 b6 11.Qc1 Bf6 12.Bxf6 Qxf6 13.d4 Bb7 14.dxc5 Rfc8 15.Qa3 Ne5
16.Nxe5 Qxe5 17.Rfc1 Rxc5 18.Rxc5 Qxc5 19.Qxc5 bxc5 20.Rd1 Bd5 21.Ba6 f5
22.Rc1 Rd8 23.f3 Rd6 24.Bb5 a6 25.Bf1 Rc6 26.Bd3 Rc8 27.Rd1 Kf7 28.Rd2 a5
29.h4 Ke7 30.Bxf5 c4 31.bxc4 Rxc4 32.e4 exf5 33.Rxd5 fxe4  1/2-1/2

[Event "FRA"]
[Site "FRA"]
[Date "1993.??.??"]
[Round "?"]
[White "Giffard, Nicolas"]
[Black "Fayard, Alain"]
[Result "1-0"]
[WhiteElo "2370"]
[BlackElo "2250"]

1.Nf3 d5 2.c4 e6 3.b3 Nf6 4.g3 b6 5.Bg2 Bb7 6.cxd5 exd5 7.d4 Bb4+ 8.Bd2 a5
9.O-O O-O 10.Bf4 Qe7 11.a3 Bd6 12.Ne5 Re8 13.Re1 h6 14.Nd3 Nc6 15.Bxd6 Qxd6
16.e3 Ne4 17.Qc2 Re7 18.Nc3 Na7 19.Rec1 Rae8 20.Nf4 Nxc3 21.Qxc3 Nb5 22.Qb2 c6
23.Nd3 Nc7 24.b4 a4 25.Qc2 b5 26.Ne5 Na8 27.Qc5 Qxc5 28.Rxc5 Rxe5 29.dxe5 Rxe5
30.e4  1-0

[Event "FRA"]
[Site "FRA"]
[Date "1993.??.??"]
[Round "?"]
[White "Anic, Darko"]
[Black "Spassky, Boris V"]
[Result "1/2-1/2"]
[WhiteElo "2415"]
[BlackElo "2565"]

1.Nf3 d5 2.c4 e6 3.g3 Nf6 4.Bg2 Be7 5.O-O O-O 6.d4 Nbd7 7.Qc2 c6 8.Nbd2 b5
9.c5 a5 10.e4 dxe4 11.Nxe4 Nxe4 12.Qxe4 Nf6 13.Qc2 Bb7  1/2-1/2

[Event "Arnold Cup"]
[Site "Gausdal"]
[Date "1993.??.??"]
[Round "1"]
[White "Gausel, Einar"]
[Black "Lyrberg, Patrik"]
[Result "1/2-1/2"]
[WhiteElo "2485"]
[BlackElo "2395"]

1.Nf3 d5 2.c4 e6 3.g3 Nf6 4.b3 c6 5.Bg2 Bd6 6.Bb2 Nbd7 7.d4 Ne4 8.O-O O-O
9.Nbd2 f5 10.Qc2 Qe7 11.Rac1 b6 12.Ne5 Nxe5 13.dxe5 Bc5 14.e3 Nxd2 15.Qxd2 Bb7
16.Rfd1 Rfd8 17.Qe2 Rd7 18.Rc2 Ba6 19.Qd2 Bb4 20.Bc3 Ba3 21.Bb2 Bb4 22.Bc3 Ba3
23.h4 Rdd8 24.cxd5 cxd5 25.Bb2 Bxb2 26.Rxb2 Qc7 27.Qd4 Rdc8 28.g4 fxg4 29.h5 Bb7
30.Rbd2 Qc3 31.Qf4 Rf8 32.Qg3 Rf5 33.Rd4 Raf8 34.h6 Rg5 35.Rxg4 Rxg4 36.Qxg4 Qxe5
37.hxg7 Rf7 38.Qh4 Qxg7 39.Rd4 Kh8 40.Rg4 Qa1+ 41.Kh2 Qe5+ 42.Kg1 Qa1+ 43.Kh2 Qe5+
44.Kg1  1/2-1/2

[Event "Gausdal MI9394"]
[Site "Gausdal"]
[Date "1993.??.??"]
[Round "4"]
[White "Ostenstad, Berge"]
[Black "Kristensen, Bjarke"]
[Result "0-1"]
[WhiteElo "2465"]
[BlackElo "2470"]

1.Nf3 d5 2.c4 c6 3.d4 Nf6 4.Nc3 dxc4 5.a4 Bf5 6.e3 e6 7.Bxc4 Bb4 8.O-O O-O
9.Nh4 Nbd7 10.h3 a5 11.Qb3 Nb6 12.Be2 Ne4 13.Nf3 Rc8 14.g4 Bg6 15.Ne5 Nd6
16.Nxg6 hxg6 17.e4 Bxc3 18.bxc3 Nxe4 19.Bd3 Nf6 20.c4 c5 21.Rb1 Nbd7 22.Ba3 Re8
23.dxc5 Nxc5 24.Bxc5 Rxc5 25.Rfd1 Re7 26.Bxg6 Qc7 27.Bd3 g5 28.Bf1 Kg7 29.Qb6 Ne4
30.Qb2+ Qe5 31.Qxe5+ Rxe5 32.Re1 Kf6 33.h4 Nc3 34.Rxe5 Kxe5 35.Rb3 Kd4 36.hxg5 e5
37.Rb6 Nxa4 38.Rd6+ Kc3 39.g6 fxg6 40.Rxg6 Nc5  0-1

[Event "Troll Masters"]
[Site "Gausdal"]
[Date "1993.??.??"]
[Round "5"]
[White "Kohlweyer, Bernd"]
[Black "Rause, Olita"]
[Result "1/2-1/2"]
[WhiteElo "2420"]
[BlackElo "2210"]

1.Nf3 d5 2.c4 d4 3.a3 g6 4.e3 Nc6 5.b4 Bg7 6.Bb2 e5 7.d3 Nh6 8.b5 Ne7 9.exd4 exd4
10.g3 c5 11.Bg2 a5 12.Nbd2 Ra7 13.Ne4 b6 14.h4 Ng4 15.Neg5 h6 16.Nh3  1/2-1/2

[Event "Geneve"]
[Site "Geneve"]
[Date "1993.??.??"]
[Round "5"]
[White "Lukov, Valentin"]
[Black "Preissmann, Emmanuel"]
[Result "1/2-1/2"]
[WhiteElo "2395"]
[BlackElo "2330"]

1.Nf3 d5 2.c4 e6 3.g3 dxc4 4.Bg2 Nd7 5.Qa4 a6 6.Qxc4 b5 7.Qc2 Bb7 8.a4 Ngf6
9.Nc3 b4 10.Nd1 Be7 11.O-O O-O 12.b3 c5 13.Bb2 Rc8 14.Ne3 h6 15.Nc4 Nb6 16.Nce5 Qc7
17.Rac1 Qb8 18.Rfd1 Rfd8 19.d3 Qa8 20.Bh3 Nbd7 21.e4 Nf8 22.Qe2 N6h7 23.Nd2 Bf6
24.f4 Qa7 25.Ndc4 Ba8 26.Bg4 g6 27.Bf3 Bg7 28.Bg2 Nf6 29.Qe3 Ne8 30.Rd2 Nd6
31.Rdc2 Nxc4 32.Rxc4 Nd7 33.R1c2  1/2-1/2

[Event "Geneve op"]
[Site "Geneve"]
[Date "1993.??.??"]
[Round "6"]
[White "Fioramonti, Hung"]
[Black "Sutter, Oliver"]
[Result "1-0"]
[WhiteElo "2380"]
[BlackElo "2245"]

1.Nf3 d5 2.c4 e6 3.g3 Nf6 4.Bg2 c5 5.O-O Nc6 6.cxd5 exd5 7.d4 Be7 8.Nc3 O-O
9.Bg5 cxd4 10.Nxd4 h6 11.Be3 Re8 12.Rc1 Bf8 13.Nxc6 bxc6 14.Na4 Qa5 15.Rxc6 Bd7
16.Bd2 Qb5 17.Rxf6 gxf6 18.Nc3 Qxb2 19.Nxd5 Rac8 20.Bc1 Qe5 21.Bf4 Qe6 22.Qd4 Kg7
23.Nc7 Rxc7 24.Bxc7 Bb5 25.Bf3 Qc4 26.Qf4 Qxf4 27.Bxf4 Bxe2 28.Re1 Bb5 29.Rxe8 Bxe8
30.Be3 a5 31.Be4 Bd7 32.Kf1 f5 33.Bd4+ Kg6 34.Bd3 Be6 35.a4 Bb3 36.Bc3 Bxa4
37.Bxa5 Bc6 38.Ke2 Be4 39.Bc4 Bc5 40.Bd2 Bd4 41.Be3 Be5 42.f3 Bb1 43.Kd2 f4
44.gxf4 Bb2 45.Bd5 f5 46.Bc4 Kf6 47.Bb6 Kg6 48.Bc7 Kf6 49.Ba5 Kg6 50.Bc3 Ba3
51.Be5 Kh5 52.Kc3 Kh4 53.Kb3 Bc1 54.Bf1 Kh5 55.Bd6 Kh4 56.Be7+ Kh5 57.h3 Kg6
58.Bc4 Kg7 59.h4 Kg6 60.h5+ Kg7 61.Kc3 Kh7 62.Bf6 Bxf4 63.Kb2 Be4 64.fxe4 fxe4
65.Kc2 e3 66.Kd3 Bg5 67.Be5 e2 68.Kxe2 Bf6 69.Bd6 Kg7 70.Kf3 Bc3 71.Kg4 Kf6
72.Bf4 Kg7 73.Kf5 Bb2 74.Ke6 Bc3 75.Ke7  1-0

[Event "Oberliga Nord O9293"]
[Site "Germany"]
[Date "1993.??.??"]
[Round "?"]
[White "Thiede, Lars"]
[Black "Postler, Reinhard"]
[Result "0-1"]
[WhiteElo "2280"]
[BlackElo "2350"]

1.Nf3 d5 2.c4 c6 3.b3 Nf6 4.Bb2 e6 5.g3 Be7 6.Bg2 O-O 7.O-O Nbd7 8.d3 Re8
9.Nc3 Bf8 10.Rc1 a6 11.Rc2 b6 12.Qa1 Bb7 13.Rfc1 Rc8 14.Nd1 dxc4 15.bxc4 c5
16.Ne3 Qc7 17.Ne5 Bxg2 18.Kxg2 Nxe5 19.Bxe5 Qc6+ 20.f3 Nd7 21.Bc3 f6 22.Rb1 Bd6
23.Qb2 Rb8 24.Qa3 b5 25.cxb5 axb5 26.Qc1 Ra8 27.Rcb2 Reb8 28.Ng4 Ra4 29.Qe3 Qd5
30.Nf2 b4 31.Bd2 Rba8 32.d4 Rxa2 33.dxc5 Bxc5 34.Qd3 b3 35.Bc3 Rxb2 36.Rxb2 Ra2
37.Qxd5 exd5 38.Rxb3 Rxe2 39.Rb2 Rxb2 40.Bxb2 Bxf2 41.Kxf2 Kf7 42.Ke3 Ne5
43.Bc3 Ke6 44.h3 g6 45.Bb4 h5 46.Be1 d4+ 47.Ke2 Kd5 48.g4 f5 49.gxh5 gxh5
50.Bg3 Nd7 51.Bf4 Nc5 52.Bh6 Kc4 53.Bd2 Ne6 54.h4 Nc5 55.Ba5 Kb3 56.Bb6 Kc2
57.Ba5 f4 58.Bd2 d3+ 59.Ke1 Ne6  0-1

[Event "BL2-O9293"]
[Site "Germany"]
[Date "1993.??.??"]
[Round "?"]
[White "Boehlig, Heinz"]
[Black "Seyb, Dieter"]
[Result "1/2-1/2"]
[WhiteElo "2310"]
[BlackElo "2290"]

1.Nf3 d5 2.c4 c6 3.b3 Nf6 4.Bb2 Bg4 5.Ne5 Bh5 6.g3 e6 7.Bg2 Bd6 8.O-O O-O
9.d3 Nbd7 10.Nxd7 Nxd7 11.Nd2 Qe7 12.Nf3 Rfe8 13.Qd2 Ba3 14.Rac1 a5 15.Bxa3 Qxa3
16.Rc2 Qd6  1/2-1/2

[Event "NRW-Liga II 9293"]
[Site "Germany"]
[Date "1993.??.??"]
[Round "?"]
[White "Odendahl, Reiner"]
[Black "Schischke, Reinhard"]
[Result "1/2-1/2"]
[WhiteElo "2295"]
[BlackElo "2360"]

1.Nf3 d5 2.c4 dxc4 3.Na3 a6 4.Nxc4 b5 5.Ne3 Bb7 6.a4 e6 7.Qb3 b4 8.Nc4 Nf6
9.e3 Nbd7 10.d3 Be7 11.Be2 O-O 12.O-O c5 13.Qc2 Rc8 14.Rd1 Qc7 15.Ne1 Ne5
16.Nxe5 Qxe5 17.Nf3 Qb8 18.h3 a5 19.Nd2 Nd7 20.b3 Bf6 21.Bb2 Bxb2 22.Qxb2 Nb6
23.Rac1 Rfd8 24.Nc4 Nxc4 25.Rxc4 Bd5 26.Rc2 e5 27.Bg4 Rc6 28.e4 Be6 29.Bxe6 fxe6
30.Rc4 Qd6 31.Qe2 Rf8 32.Qe3 Rc7 33.Rdc1 Rfc8 34.Kh2 Qe7 35.R4c2 Qd6 36.Rc4 Qe7
37.R1c2 Qd6 38.Qg3 Rd8 39.Qg5 Rdc8 40.Rc1 Rf8 41.Qe3 Rfc8 42.Qg5 Rf8 43.Qe3 Rfc8
44.R4c2 Qf8 45.g3 Qd6 46.Kg2 Qe7 47.h4 Qd6 48.Kf1 Qe7  1/2-1/2

[Event "NRW-Liga II 9293"]
[Site "Germany"]
[Date "1993.??.??"]
[Round "?"]
[White "Reinartz, Georg"]
[Black "Dorner, Matthias"]
[Result "1/2-1/2"]
[WhiteElo "2240"]
[BlackElo "2305"]

1.Nf3 d5 2.c4 c6 3.b3 Bg4 4.Bb2 Nd7 5.g3 Bxf3 6.exf3 Ngf6 7.Bg2 dxc4 8.bxc4 Qb6
9.Qc2 e5 10.O-O Bc5 11.Nc3 O-O 12.Na4 Qc7 13.Nxc5 Nxc5 14.d4 exd4 15.Bxd4 Ncd7
16.Rad1 Rad8 17.f4 Rfe8 18.Rd2 Re7 19.Ba1 Rde8 20.Qd1 Qa5 21.Bh3 Nf8 22.Bxf6 gxf6
23.Qg4+ Kh8 24.Rd6 Re6 25.Rxe6 fxe6 26.Qe2 Qc5 27.Qb2 Qe7 28.Re1 Kg7 29.Bxe6 Nxe6
30.f5 Qd7 31.fxe6 Rxe6 32.Rxe6 Qxe6 33.Qxb7+ Kh6 34.Qb3 Kg7 35.Qd3 a5 36.Kg2 a4
37.h3 Qe7 38.Qf5 Qb7 39.c5 a3 40.Qe6 Qb5 41.Qe7+ Kg8 42.h4 h5 43.Qe8+ Kg7
44.Qxh5 Qc4 45.Qf5 Qxa2 46.Qd7+ Qf7 47.Qxc6 a2 48.Qa8 Qb3 49.Qa7+ Kh6 50.c6 Qd5+
51.Kh2 Qd2 52.c7 a1=Q 53.Qxa1 Qxf2+ 54.Kh3 Qf5+ 55.Kg2 Qe4+ 56.Kf2 Qc2+ 57.Ke3 Qb3+
58.Kd4 Qb4+ 59.Kd5 Qb3+ 60.Kc5 Qc2+ 61.Kd6 Qd3+ 62.Ke7 Qh7+ 63.Kd6 Qd3+ 64.Ke6 Qe4+
65.Kxf6 Qc6+ 66.Ke5 Qxc7+ 67.Kf5 Qd7+ 68.Kf4 Qd2+ 69.Ke4 Qe2+ 70.Kd4 Qg4+
71.Kc5 Qc8+ 72.Kd6 Qd8+ 73.Ke6 Qe8+ 74.Kf5 Qd7+ 75.Kf4 Qd2+  1/2-1/2

[Event "Bundesliga 9293"]
[Site "Germany"]
[Date "1993.??.??"]
[Round "?"]
[White "Stern, Rene"]
[Black "Maiwald, Jens Uwe"]
[Result "1/2-1/2"]
[WhiteElo "2375"]
[BlackElo "2375"]

1.Nf3 d5 2.c4 d4 3.e3 Nc6 4.d3 e5 5.exd4 exd4 6.g3 h6 7.a3 a5 8.Bg2 Nf6 9.O-O Be7
10.Nbd2 O-O 11.b3 Bf5 12.Qc2 Nd7 13.Re1 Re8 14.Ne4 Bg6 15.Bb2 f5 16.Ned2 Bf6
17.Rxe8+ Bxe8 18.Ne1 Nc5 19.Bd5+ Kh8 20.Nf1 g5 21.Bc1 Qd6 22.Rb1 Na6 23.Qd1 Rb8
24.Nc2 Ne7 25.Bg2 b5 26.Bd2 a4 27.b4 Kg7 28.Be1 Ng6 29.Nd2 c6 30.Rc1 g4 31.Nf1 Nc7
32.Bd2 Bd7 33.Ne1 h5 34.cxb5 cxb5 35.Rc5 Na6 36.Rd5 Qe6 37.Nc2 Bc6 38.Nxd4 Bxd4
39.Rxd4 Bxg2 40.Kxg2 Qc6+ 41.f3 Ne5 42.Ne3 Nxf3 43.Nxf5+ Kh7 44.Re4 Re8 45.Qa1 Re5
46.Nd4 Qd5 47.Nxf3 gxf3+ 48.Kf2 Rxe4 49.dxe4 Qxd2+ 50.Kxf3 Qd6 51.Qb1 Qf6+
52.Ke3 Qg5+ 53.Kf3 Nc7 54.Qd3 Qf6+ 55.Ke3 Qc6 56.e5+ Kg7 57.Qd6 Nd5+ 58.Kd3 Qc3+
59.Ke4 Qc4+ 60.Kf3 Qd3+ 61.Kf2 Qe3+ 62.Kg2 Qe2+ 63.Kg1 Qe3+ 64.Kg2 Qe4+ 65.Kf2 Qf5+
66.Ke1 Ne3 67.Qe7+ Kh6 68.Qd6+ Kg5 69.Ke2 Nc4 70.Qd8+ Kh6 71.Qh8+ Qh7 72.Qf6+ Qg6
73.Qh8+ Kg5 74.Qd8+  1/2-1/2

[Event "BL2-S9293"]
[Site "Germany"]
[Date "1993.??.??"]
[Round "?"]
[White "Roos, Daniel"]
[Black "Beikert, Guenther"]
[Result "1-0"]
[WhiteElo "2410"]
[BlackElo "2405"]

1.Nf3 d5 2.c4 c6 3.b3 Bf5 4.Bb2 e6 5.e3 Nd7 6.Nc3 Ngf6 7.Be2 h6 8.O-O Be7
9.cxd5 exd5 10.d3 O-O 11.Re1 Re8 12.Bf1 Bc5 13.h3 Qc7 14.Rc1 Rad8 15.a3 a5
16.Qc2 Bg6 17.Nb1 Bd6 18.Nbd2 Ne5 19.Nd4 Qe7 20.Ra1 Bh7 21.Qc3 Ra8 22.N4f3 Nfd7
23.Nh2 Qf6 24.d4 Ng6 25.Ng4 Qd8 26.e4 h5 27.Ne3 dxe4 28.Nf5 Bf8 29.Nxe4 Nb6
30.Qg3 Qd5 31.Qf3 Rad8 32.Nh6+ Kh8 33.Nxf7+ Kg8 34.Nh6+ Kh8 35.Nf7+ Kg8 36.Nxd8 Rxd8
37.Nd2 Qg5 38.Ne4 Qd5 39.Nc5 Qxf3 40.gxf3 Nh4 41.Re3 Nd5 42.Nxb7 Nxe3 43.fxe3 Rb8
44.Nxa5 Nxf3+ 45.Kf2 Be4 46.Bc4+ Kh8 47.Ke2 Ng5 48.h4 Nf3 49.Rf1 Be7 50.Nxc6 Bxc6
51.d5 Rxb3 52.Bxb3 Bb5+ 53.Kxf3 Bxf1 54.Kg3 Bd3 55.a4 Bd6+ 56.Kf3 Be7 57.Bd1 Bxh4
58.Kf4 Kh7 59.Bxh5 Kh6 60.Bd1 Bg5+ 61.Kf3 Bd8 62.Bc3 g5 63.a5 Kh5 64.e4 Kh4
65.Ke3 Ba6 66.Be2 Bxe2 67.Kxe2 g4 68.a6 Bb6 69.d6  1-0

[Event "BL2-S9293"]
[Site "Germany"]
[Date "1993.??.??"]
[Round "?"]
[White "Clara, Hans Joachim"]
[Black "Neunhoeffer, Helmut"]
[Result "1/2-1/2"]
[WhiteElo "2380"]
[BlackElo "2295"]

1.Nf3 d5 2.c4 e6 3.e3 Nf6 4.d4 Be7 5.Nbd2 O-O 6.Bd3 c5 7.dxc5 dxc4 8.Nxc4 Na6
9.O-O Nxc5 10.Bc2 b6 11.b3 Ba6 12.Qe2 Nce4 13.Bb2 Rc8 14.Rac1 Bxc4 15.bxc4 Qc7
16.Bb1 Rfd8 17.Nd4 Qb7 18.Rfd1 Rd7 19.Nb5 Rcd8 20.Rd4 Bc5 21.Rxd7 Qxd7 22.Nd4 Be7
23.h3 Nc5 24.Bc2 Qb7 25.Rd1 g6 26.Nb3 Ne8 27.Nxc5 bxc5 28.Bb3 Qc6 29.Rd2 Rxd2
30.Qxd2 Bf6 31.Ba3 Nc7 32.Kf1 Na6 33.Qa5 Qb6 34.Qa4 Nb4 35.Qb5 Qd6 36.Bxb4 cxb4
37.c5 Qd2 38.Qb8+ Kg7 39.Qxa7 Qd3+ 40.Kg1 Qb1+ 41.Kh2 Qf5 42.Kg1  1/2-1/2

[Event "BL2-N9293"]
[Site "Germany"]
[Date "1993.??.??"]
[Round "?"]
[White "Pritchett, Craig William"]
[Black "Petrosian, Arshak B"]
[Result "1/2-1/2"]
[WhiteElo "2360"]
[BlackElo "2490"]

1.Nf3 d5 2.c4 d4 3.g3 Nc6 4.Bg2 e5 5.O-O Nf6 6.d3 Nd7 7.e3 Be7 8.exd4 exd4
9.Re1 O-O 10.Nbd2 Nc5 11.Ne4 Nxe4 12.Rxe4 Bf5 13.Re1 Bf6 14.a3 a5 15.Rb1 Rb8
16.Qc2 Qd7 17.Bg5 Bxg5 18.Nxg5 Rfe8 19.Nf3 h6 20.Qd2 a4 21.b4 axb3 22.Rxb3 Rxe1+  1/2-1/2

[Event "BL2-N9293"]
[Site "Germany"]
[Date "1993.??.??"]
[Round "?"]
[White "Nagatz, Frank"]
[Black "Glienke, Manfred"]
[Result "0-1"]
[WhiteElo "2270"]
[BlackElo "2280"]

1.Nf3 d5 2.c4 e6 3.g3 Nf6 4.Bg2 Nbd7 5.d4 c6 6.O-O Bd6 7.Bf4 Bxf4 8.gxf4 dxc4
9.Nbd2 Nd5 10.e3 c3 11.bxc3 Nxc3 12.Qc2 Nd5 13.Rab1 O-O 14.Rfc1 f6 15.Bf1 Rf7
16.Bd3 Nf8 17.Ne4 Rc7 18.Nc5 Qe7 19.Qd2 Qe8 20.e4 Ne7 21.Kh1 b6 22.Nb3 Bb7
23.a4 Rd8 24.Qe3 Rcd7 25.a5 Qh5 26.Be2 Qh6 27.Nbd2 Nc8 28.axb6 axb6 29.Nc4 Ng6
30.f5 exf5 31.Nxb6 Qxe3 32.fxe3 Nxb6 33.Rxb6 f4 34.Bc4+ Kf8 35.Rf1 fxe3 36.Ng5 e2
37.Bxe2 Ke7 38.Nf3 Ra8 39.Rfb1 Ra7 40.Bc4 Nf4 41.h4 Kd8 42.Kh2 Kc7 43.Kg3 Nh5+
44.Kg4 g6 45.e5 Bc8 46.Be6 h6 47.exf6 Nxf6+ 48.Kh3 Nd5 49.Bxd5 Rxd5+ 50.Kh2 Bf5
51.R1b4 Be4 52.Ne5 Rd8 53.Nf7 Rf8 54.Nxh6 Rh8 55.Nf7 Rxh4+ 56.Kg3 Rh1 57.Kf4 Bd5
58.Ne5 g5+ 59.Kxg5 Rh8 60.Kf6 Rh6+ 61.Kg5 Rh8 62.Kf6 Rg8 63.Rb2 Re8 64.R6b4 Rf8+
65.Ke7 Rh8 66.Kf6 Kd6 67.Rb7 Rf8+ 68.Kg5 Ra1 69.Rb1 Ra3 70.Rb8 Rxb8 71.Rxb8 Ra4
72.Rd8+ Kc7 73.Rd7+ Kb6 74.Rd6 Kb5 75.Kf5 Ra1 76.Kf4 Re1 77.Kf5 Rf1+ 78.Kg5 Be4
79.Rf6 Rg1+ 80.Kf4 Bd5 81.Ke3 Re1+ 82.Kd2 Re4 83.Nf3 Kb4 84.Kd3 Rg4 85.Ke3 Kb5
86.Rf8 Rg3 87.Kf2 Rh3 88.Ne5 Kb6 89.Rf6 Rh4  0-1

[Event "BL2-O9293"]
[Site "Germany"]
[Date "1993.??.??"]
[Round "?"]
[White "Pfleger, Helmut"]
[Black "Malich, Burkhard"]
[Result "1/2-1/2"]
[WhiteElo "2485"]
[BlackElo "2415"]

1.Nf3 d5 2.c4 e6 3.g3 Nf6 4.Bg2 Be7 5.O-O O-O 6.b3 c5 7.cxd5 Nxd5 8.Bb2 Bf6
9.d4 Nc6 10.e4 Nb6 11.e5 Be7 12.dxc5 Bxc5 13.Nc3 Nb4 14.Ne4 Be7 15.Nd4 N4d5
16.Qe2 Bd7 17.Rac1 Rc8 18.Rxc8 Qxc8 19.f4 a6 20.g4 f6 21.exf6 gxf6 22.g5 fxg5
23.Nxg5 Bxg5 24.fxg5 Rxf1+ 25.Bxf1 Qf8 26.Qe5 Qf4 27.Nf3 Qe3+ 28.Qxe3 Nxe3
29.Bd3 Nbd5 30.Ne5 Be8 31.Bd4 Nf5 32.Bxf5 exf5 33.Kf2 Nb4 34.Bc3 Nd5 35.Bd2 Kg7
36.h4 Kf8 37.Ke2 Bb5+ 38.Kf3 Be8 39.a4 Ke7 40.a5 Bh5+ 41.Kg3 Kd6 42.Nd3  1/2-1/2

[Event "BL2-N9293"]
[Site "Germany"]
[Date "1993.??.??"]
[Round "?"]
[White "Loeffler, Stefan"]
[Black "Muse, Drazen"]
[Result "1-0"]
[WhiteElo "2365"]
[BlackElo "2295"]

1.Nf3 d5 2.c4 c6 3.d4 e6 4.Qc2 f5 5.g3 Nf6 6.Bg2 Bd6 7.O-O O-O 8.b3 Qe7 9.Ne5 Nbd7
10.Nd3 b6 11.Bf4 Bb7 12.Nd2 Rac8 13.Bxd6 Qxd6 14.Rac1 Ne4 15.Qb2 Nxd2 16.Qxd2 dxc4
17.Rxc4 Ba6 18.Ra4 Nb8 19.Nb4 c5 20.Nxa6 b5 21.Ra5 Nxa6 22.Bb7 Nb4 23.Bxc8 Rxc8
24.Rxb5 a6 25.Rb7 Qd5 26.Rb6 Nc6 27.f3 Nxd4 28.Kg2 f4 29.Qxf4 h6 30.Qe4 Qg5
31.e3 Qd8 32.Rb7 Nb5 33.Qxe6+ Kh8 34.Rd1  1-0

[Event "BL2-W9293"]
[Site "Germany"]
[Date "1993.??.??"]
[Round "?"]
[White "Grimm, Sascha"]
[Black "Pieper Emden, Carsten"]
[Result "0-1"]
[WhiteElo "2320"]
[BlackElo "2375"]

1.Nf3 d5 2.c4 c6 3.Qc2 Nf6 4.d4 e6 5.g3 Nbd7 6.Bg2 Be7 7.O-O Ne4 8.Nbd2 f5
9.Ne1 Bf6 10.Ndf3 O-O 11.Nd3 Qe8 12.b3 Be7 13.Nfe5 Nxe5 14.Nxe5 Bd7 15.Bb2 Rd8
16.Rad1 Qh5 17.f3 Nf6 18.e4 Bc8 19.Nd3 fxe4 20.Nf4 Qh6 21.fxe4 Ng4 22.Bf3 Ne3
23.Qe2 Nxd1 24.Rxd1 dxc4 25.bxc4 e5 26.dxe5 Rxd1+ 27.Qxd1 g5 28.Ng2 Bc5+
29.Kh1 Qg6 30.Qd3 Qf7 31.Ne1 Be6 32.g4 Bf2 33.Qd2 Bxe1 34.Qxg5+ Kh8 35.Bg2 Bb4
36.Qf6+ Kg8 37.Qg5+ Qg6  0-1

[Event "Groningen PCA"]
[Site "Groningen"]
[Date "1993.??.??"]
[Round "4"]
[White "Illescas Cordoba, Miguel"]
[Black "Huebner, Robert"]
[Result "1/2-1/2"]
[WhiteElo "2625"]
[BlackElo "2605"]

1.Nf3 d5 2.c4 c6 3.e3 Nf6 4.Nc3 g6 5.d4 Bg7 6.Be2 O-O 7.O-O dxc4 8.Bxc4 Bg4
9.h3 Bxf3 10.Qxf3 Nbd7 11.Rd1 e5 12.d5 e4 13.Nxe4 Nxe4 14.Qxe4 Nb6 15.Bb3 cxd5
16.Bxd5 Nxd5 17.Rxd5 Qb6 18.Rb1 Rad8 19.Rd2 Qa5 20.b4 Qa4 21.Qc2 Qxc2 22.Rxc2 Rc8
23.Rxc8 Rxc8 24.Bb2 Rc2 25.Bxg7 Kxg7 26.a4 b6 27.b5 Rc4 28.Ra1 f5 29.Kf1 Kf6
30.Ke2 Ke5 31.Kd3 Kd5 32.a5 Rb4 33.axb6 axb6 34.Ra7 Rb2 35.f4 h5 36.g4 hxg4
37.hxg4 fxg4 38.Rg7 Rb3+ 39.Ke2 Rb2+ 40.Kd3 Rb3+ 41.Ke2  1/2-1/2